| 000 | 01129cad a2200265 4500 | ||
|---|---|---|---|
| 001 | L158566 | ||
| 008 | 110215n2013 000 0 eng u | ||
| 020 | _a9781783210305 | ||
| 035 | _a(Sirsi) u158566 | ||
| 041 | _aeng | ||
| 100 | 1 | _aYakubu, Ibrahim | |
| 111 | 2 |
_aConstruction and Building Research Conference _cIIT Delhi, New Delhi _d10-12 September 2013 |
|
| 245 | 0 | 2 |
_aA fuzzy computer programme for estimating likely consequences of risks in construction projects _bA case study of a selected client _h[electronic resource] |
| 260 |
_aLondon _bRICS _c2013 |
||
| 490 | 0 |
_aCOBRA _v2013 |
|
| 520 | _aA paper presented at the COBRA Conference in New Delhi on 10-12 September 2013. This research looked into the fuzzy decision variables that give rise to risks in construction projects and developed a computer programme that would identify these risks. | ||
| 650 | 2 | 4 | _aRISK MANAGEMENT |
| 650 | 2 | 4 | _aICT |
| 650 | 2 | 4 | _aFUZZY MODELS |
| 650 | 2 | 4 | _aCONSTRUCTION AND BUILDING RESEARCH CONFERENCE (COBRA) |
| 651 | 4 | _aIndia | |
| 690 |
_aConstruction management _96230 |
||
| 690 |
_aQuantity surveying _96263 |
||
| 942 | _n0 | ||
| 999 |
_c115386 _d115386 |
||